| 000 | 00381nam a2200169Ia 4500 | ||
|---|---|---|---|
| 008 | 210210b1938 xxu||||| |||| 00| 0 eng d | ||
| 041 | _aeng | ||
| 082 | _a825/97 | ||
| 100 | _aBLUNDEN | ||
| 245 | _aOn Shelley | ||
| 260 |
_aLondon _bOxford University Press _c1938 |
||
| 650 | _aShelley | ||
| 650 | _aOn | ||
| 690 | _aEnglish Criticism | ||
| 700 | _aOthers | ||
| 906 | _a014415 | ||
| 999 |
_c133592 _d133592 |
||